000 00442cam a22001457a 4500
008 180718b2009 xxu||||| |||| 00| 0 eng d
020 _a9780434015412
082 _aT42 Ah51
100 _aAhamed, Liaquat
245 _aLords of finance: the bankers who broke the world
_cby Liaquat Ahamed
260 _aLondon
_bWilliam Heinemann
_c2009
300 _a564p.
650 _aBankers --Biography
650 _aCapitalists and financiers --Biography
999 _c431059
_d431059